Statistics for Countries By Their Picture

Click here to take the quiz!

General Stats

  • This quiz has been taken 31 times
  • The average score is 12 of 16

Answer Stats

Answer% Correct
Australia
100%
Egypt
100%
Italy
97%
Japan
97%
Brazil
93%
India
93%
Canada
83%
Mexico
83%
Chile
62%
Sweden
62%
Fiji
59%
Georgia
55%
South Africa
55%
Lithuania
48%
Mongolia
48%
Romania
45%

Score Distribution

Percentile by Number Answered

Percent of People with Each Score

Your Score History

You have not taken this quiz